Statistics for Horror Movies

Click here to take the quiz!

General Stats

  • This quiz has been taken 743 times
  • The average score is 6 of 15

Answer Stats

Hint Answer % Correct
Videotape, Seven DaysThe Ring
93%
Puzzlebox, PinheadHellraiser
77%
Camp Crystal LakeFriday the 13th
75%
Bad Dreams, Dirty Brown HatA Nightmare on Elm Street
74%
Redrum, Hedge AnimalsThe Shining
63%
Pea Soup, PriestsThe Exorcist
62%
The Woods, Piles of RocksThe Blair Witch Project
51%
Bathsheba, WarrensThe Conjuring
43%
Gold Bars, ShipGhost Ship
32%
Glass House, Latin on WallsThirteen Ghosts
29%
Lutz, Demonic PossesionThe Amityville Horror
19%
Trial, PossesionThe Exorcism of Emily Rose
11%
Elizabeth Bathory, Video GameStay Alive
8%
Bell Witch, John BellAn American Haunting
5%
Eseker, MayflowerMirrors
5%

Score Distribution

Percentile by Number Answered

Percent of People with Each Score

Your Score History

You have not taken this quiz